MDQL
is popping MORE tags! Check the
thread
!
Quizzes
Events
Quiz Creation
Community
Videos
Private Events
Remove Ads
Sign In
Join for FREE
Feedback
Dark Mode
Quiz Categories
Sports
Geography
Music
Movies
Television
Just For Fun
Miscellaneous
History
Literature
Language
Science
Gaming
Entertainment
Religion
Holiday
For Kids
Quiz Lab
Recent
Popular Today
Quiz Kudos Today
Editor Picks
Curator Picks
Quizzes by...
Day
Popularity
Type
Ratings
Length
Year
Community
Subscriptions
Recent Discussions
Orange Saloon
Badges
Playlists
Quests
Create
Leaderboards
Showdown
Live 5
Trivia Bingo
Activity
Puzzle Library
Sporcle Events
Private Events
Virtual Trivia
Globe League
Become a Host
Pub Owners
SporcleCon
Opinionation
Our Games
Videos
Blog
Mobile Apps
Partnerships
Remove Ads and Go Orange
Feedback
Movies
Disney
Marvel Cinematic Universe
Movie Resume
Movie Titles
Oscar
Actor
Actress
Director
Pixar
Role
Movie Quotes
Movie Characters
Box Office
Nominee
Best Picture
Star Wars
James Bond
Horror Movies
Movies
Disney
Marvel Cinematic Universe
Movie Resume
Movie Titles
Oscar
Actor
Actress
Director
Pixar
Role
Movie Quotes
Movie Characters
Box Office
Nominee
Best Picture
Star Wars
James Bond
Horror Movies
Random Quiz
Search Sporcle
×
Quiz Lab
Quiz Lab
Movies
Type in answers that appear in a list
Type in answers that appear in a list
Classic
Best Score? Go Orange.
Oscar Role by Occupation 2 Stats
Can you name the Oscar winners by the occupation their character portrayed?
By
BiloxiSean
10m
30 Questions
299 Plays
299 Plays
299 Plays
Comments
Comments
Give Quiz Kudos
Give Quiz Kudos
-
- Ratings
hide this ad
Replay
Link that replays current quiz
Next Quiz
Link to next quiz in quiz playlist
You Got
0%
They Got
Avg Score
44%
Avg Friend Score
Upgrade to see
Score Distribution
Jump to the score distribution portion of the page
Score
0/30
Timer
10:00
0
Plays Today
Occupation
Performer
% Correct
Politician
Sean Penn - Milk
96.3%
Athlete
Robert De Niro - Raging Bull
92%
Athlete
Hilary Swank - Million Dollar Baby
73.2%
Actor or Actress
Cate Blanchett - The Aviator
71.6%
Writer
Nicole Kidman - The Hours
68.9%
Athlete
Paul Newman - The Color of Money
67.6%
Athlete
Cuba Gooding Jr - Jerry Maguire
66.2%
Priest, Preacher, or Nun
Susan Sarandon - Dead Man Walking
58.9%
Writer
Daniel Day-Lewis - My Left Foot
55.5%
Writer
Jack Nicholson - As Good As It Gets
54.8%
Priest, Preacher, or Nun
Burt Lancaster - Elmer Gantry
50.2%
Priest, Preacher, or Nun
Bing Crosby - Going My Way
47.8%
Writer
Jose Ferrer - Cyrano de Bergerac
44.8%
Politician
Paul Scofield - A Man for All Seasons
44.5%
Priest, Preacher, or Nun
Spencer Tracy - Boy's Town
44.1%
Occupation
Performer
% Correct
Politician
Broderick Crawford - All the Kings's Men
40.1%
Prostitute
Jane Fonda - Klute
39.5%
Actor or Actress
Katharine Hepburn - Morning Glory
35.1%
Priest, Preacher, or Nun
Barry Fitzgerald - Going My Way
35.1%
Politician
George Arliss - Disraeli
30.8%
Prostitute
Helen Hayes - The Sin of Madelon Claudet
30.4%
Prostitute
Shirley Jones - Elmer Gantry
26.4%
Actor or Actress
Richard Dreyfuss - The Goodbye Girl
25.1%
Prostitute
Kim Basinger - L.A. Confidential
24.1%
Writer
Ray Milland - The Lost Weekend
22.7%
Actor or Actress
Jessica Lange - Tootsie
21.7%
Prostitute
Mira Sorvino - Mighty Aphrodite
20.1%
Athlete
Wallace Beery - The Champ
16.1%
Actor or Actress
Dianne Wiest - Bullets Over Broadway
14.4%
Politician
Ed Begley - Sweet Bird of Youth
7.7%
Quiz Playlist
Details
Report
Send in Message
Add To Playlist
Classic:
Type in answers that appear in a list
Quiz Source
Last Updated: Feb 16, 2017
Quiz Scoreboard
CHALLENGE
Sign Up to Join the Scoreboard
Show All
Scores
Hide
Comments
May contain spoilers
Recently Published
Holiday 10x10 Sorting Gallery
by lukepisani3
Holiday
15m
Two Season TV Shows II
by 123Four
Television
10m
Image Sorting: Flags VI
by Barbecue
Geography
2m
More to Explore
Quiz From the Vault
Featured Blog Post
14 Easter Pick-up Lines to Find Eggs With
hide this ad
You Might Also Like...
Tags
This quiz does not have any tags.
Today's Top Quizzes in Movies
Browse Movies
hide this ad
Top Contributed Quizzes in Movies
1
The ultimate James Bond movie quiz
2
Find The 'Big' Movie
3
Find The 'Wild' Movie
4
Find The 'Blue' Movie
5
Movies By Plot
6
Hidden Star Wars Character II
7
25 Best Actor Nominees (1990s)
8
Hidden Star Wars Character III
9
😉 2024 Oscar Nominees by Emoji
10
Hidden Star Wars Character IV
Explore More
Trending Topics
Anime
Harry Potter
Crossword
NBA
Disney
Kpop
Marvel
WWE
Puzzle
Pokémon
NFL
The Office
Soccer
Song
Country
hide this ad
More By:
BiloxiSean
Quiz
Plays
Rating
Category
Featured
Created
State Capital + Pro Team
355,715
4.22
Sports
Jan 27, 2010
One Team Premier League Goalscorers
177,543
4.41
Sports
Dec 20, 2012
Oscar Role by Occupation
68,168
4.12
Movies
Jun 19, 2010
NBA 10 Assists per Game (Season)
57,610
4.61
Sports
May 19, 2011
NFL Coaches: 100 Wins, One Team
49,852
4.60
Sports
Jan 25, 2011
Go to Creator's Profile
Score Distribution
Quiz Creator Spotlight
BiloxiSean
Follow
Send a Message
Quizzes Created
-
Created Quiz Play Count
-
More By This Creator
Popular Quizzes Today
1
Find the US States - No Outlines Minefield
2
Colored Red Africa Blitz
3
Find the 'City' Movie
4
The Countries of the World
5
5x2 Blitz: Bands
6
Find the US States
7
Find the Countries of Europe - No Outlines Minefield
8
US States
More Movies Quizzes
Animated Movies (A-Z) II
Published
Trending Quizzes
Colored Red Europe Blitz I
Colored Red Europe Blitz II
Colored Red Africa Blitz II
Colored Red Europe Blitz III
Colored Red Africa Blitz III
Recently Updated
Odd Team Out - Big 4 Players
pecheneg
Quick Pick: 20 Twenties
pecheneg
March Madness Men's Triple Doubles
pecheneg
How Do You Spell That?
pecheneg
Godzilla Movies
pecheneg
Grab Bag: 4-10 Letters
pecheneg
2024 March Madness Bracket
pecheneg
Famous TV Couples
Peacemaker
Champions League XIs: Real Madrid
pecheneg
Largest US Cities 1790-2010
pecheneg
Trending Topics
Disney
Anime
NBA
Kpop
Marvel
Harry Potter
Crossword
WWE
Puzzle
Song
Country
Pokémon
Soccer
The Office
NFL
Your Account Isn't Verified!
In order to create a playlist on Sporcle, you need to verify the email address you used during registration. Go to your
Sporcle Settings
to finish the process.
Report this User
Report this user for behavior that violates our
Community Guidelines
.
Details:
Send Report
Go to the Sporcle.com Mobile Site →
Comments